000 00292nam a22001217a 4500
008 171124b xxu||||| |||| 00| 0 eng d
041 _aeng
080 _a14
100 _a95
101 _aHIS
245 _aTHE WESTMINSTER HISTORICAL ATLAS TO THE BIBLE
_cGEORGE.E.W
942 _2udc
_cBK
999 _c38474
_d38474